| 000 | 00857nam a2200205Ia 4500 | ||
|---|---|---|---|
| 001 | 11182 | ||
| 003 | GE_BSU | ||
| 008 | 181216s||||||||xx |||||||||||||| ||und|| | ||
| 040 | _cGE_BSU | ||
| 080 | _a619(031) | ||
| 245 | _aВетеринарная энциклопедия Т.6. Токсикологический анализ кортов-Ящур. дополнения,указатель. | ||
| 245 | _cГл.ред.К.И.Скрябин. | ||
| 260 | _aМосква | ||
| 260 | _bСоветская энциклопедия. | ||
| 260 | _c1976. | ||
| 300 | _a1030стр,27см. | ||
| 520 | _aЭнциклопедии словари справочники. | ||
| 653 | _aВетеринарная энциклопедия Т.6. Токсикологический анализ кортов-Ящур. дополнения,указатель. | ||
| 942 | _cBK | ||
| 999 |
_c44416 _d44416 |
||